| 000 | 00000nam##2200000za#4500 |
| 001 | 9.675286 |
| 003 | CaOODSP |
| 005 | 20210624225204 |
| 007 | cr ||||||||||| |
| 008 | 150407|1998||||xxc|||||o f|0| 0 fre|d |
| 040 | |aCaOODSP|bfre |
| 041 | |aeng |
| 041 | |afre |
| 043 | |an-cn--- |
| 086 | 1 |aNH15-467/1998-PDF |
| 110 | 1 |aCanada.|bSociété canadienne d'hypothèques et de logement. |bCentre canadien de documentation sur l'habitation. |
| 245 | 10|aBibliographie sur les jeunes et le logement |h[ressource électronique] |
| 260 | |aOttawa - Ontario : |bSociété canadienne d'hypothèques et de logement. |cNovembre 1998. |
| 300 | |a20p. |
| 546 | |a(Bilingue) |
| 590 | |a11-27-Supp|b2011-11-15 |
| 691 | 07|aJeunesse|2gcpds |
| 691 | 07|aLogement|2gcpds |
| 791 | |tBibliography on youth and housing |eeng|w(CaOODSP)9.675285 |
| 856 | 40|ahttp://publications.gc.ca|qPDF|s107 Ko|uhttps://publications.gc.ca/collections/collection_2011/schl-cmhc/NH15-467-1998.pdf |